000
00242 a2200085 4500
020
_a
978-1474482226
100
_a
Alka Patel
245
_a
Iran to India The Shansabānīs of Afghanistan, c. 1145-1190 CE
260
_b
Edinburgh University Press
_c
2021
999
_c
13189
_d
13189